Associe les duos francophones avec leur titre de chanson VOL4 - Statistiques

Statistiques générales
  • Ce quiz a été pris 50 fois
  • Le résultat moyen est 7 sur 20
Statistiques - réponses
Hint Réponse % Correct
Vitaa & Gims Game over
78%
Jul & Théodora Zou Bisou
61%
Soprano & Vincenzo Le coach
57%
Michel Berger & France Gall Ça balance pas mal à Paris
54%
Jane Birkin & Serge Gainsbourg Je t'aime... moi non plus
54%
Aya Nakamura & Damso Dégaine
52%
Nekfeu & Vanessa Paradis Dans l'univers
48%
Félix Gray & Didier Barbelivien A toutes les filles
46%
Michel Sardou & Garou La rivière de notre enfance
43%
Amir & Indila Carrousel
35%
Vianney & Kendji Girac Le feu
28%
Eddie Mitchell & Johnny Hallyday On veut des légendes
24%
Slimane & Léa Castel Abîmée
22%
Pascal Obispo & Melissa Mars 1980
17%
Calogero & Stanislas La Débâcle des sentiments
17%
Madame Monsieur & Jérémy Frérot Comme un voleur
15%
Orelsan & Yamê Encore une fois
13%
Ycare & Patrick Bruel Origami
11%
Soolking & KeBlack Oublier
9%
Gaëtan Roussel & Bernard Lavilliers Lovés
2%
Aucun quiz correspondant
Distribution des résultats
% des personnes avec chaque résultat
Percentile par nombre de réponses
Votre historique - résultats
Vous n’avez pas pris ce quiz